000 00678nam a2200193Ii 4500
003 JO-AjNU
008 230605s9999||||xx |||||||||||||| ||und||
040 _aJO-AjNU
_bara
_erda
_cJO-AjNU
041 _aara
050 1 4 _aBF292.S9388
100 3 _aالصغيري،محمود ابراهيم,
_eauthor
_97546
245 0 0 _aهل هناك حاسة سادسة : دراسة في الظاهرة وتاريخها الأسطورة والحقيقة
264 3 1 _aدمشق: دار الكتاب العربي ،د.ت
300 _a109ص
336 _atext
_btxt
_2rdacontent
337 _aunmediated
_bn
_2rdamedia
338 _avolume
_bnc
_2rdacarrier
650 4 _aحاسة سادسة
_97547
999 _aA334
_c3902
_d3902